Repartos y rebeliones: Tupac Amaru y las contradicciones de la economía colonial

Збережено в:
Бібліографічні деталі
Автор: Golte, Jürgen (Автор)
Формат: Книга
Мова:Іспанська
Опубліковано: Lima Instituto de Estudios Peruanos 1980
Серія:Estudios Históricos, 6
Предмети:
Теги: Додати тег
Немає тегів, Будьте першим, хто поставить тег для цього запису!

MARC

LEADER 00000nam a2200000 a 4500
001 UCO3229
003 CL-VaPUC
008 000714e19800000PE |||||||||||||||||spa|d
082 0 4 |a 330.985  |b GOL  |2 21 
100 |a Golte, Jürgen  |e author  |9 447216 
245 1 0 |a Repartos y rebeliones: Tupac Amaru y las contradicciones de la economía colonial 
300 |a 256 p 
942 |c BK 
945 |d 20000714 00:00:00  |a rherrera 
260 |a Lima  |b Instituto de Estudios Peruanos  |c 1980 
600 0 7 |a TUPAC AMARU  |2 CL-VaPUC  |9 447217 
650 0 |a Economía peruana  |9 447178 
650 7 |a ECONOMIA COLONIAL  |2 CL-VaPUC  |9 429051 
650 0 |a Periodo Colonial  |9 257430 
650 7 |a ECONOMIA Y SOCIEDAD  |2 CL-VaPUC  |9 441513 
650 0 |a Desarrollo económico  |9 259599 
650 0 |a Siglos 16-17  |9 319315 
651 0 |a Perú  |9 256567 
583 |a last modification  |c 20000714 00:00:00  |k Rodrigo Vera 
490 0 |a Estudios Históricos, 6 
999 |c 289697  |d 289695 
952 |0 0  |1 0  |4 0  |6 330_985000000000000_GOL_1980  |7 0  |8 A  |9 338295  |a BIBHIS  |b BIBHIS  |d 2019-11-20  |i 1298801  |o 330.985 GOL 1980  |p 1298801  |r 2025-01-20  |w 2019-11-20  |y BK  |k HIS